| 000 | 00588nam a2200133Ia 4500 | ||
|---|---|---|---|
| 008 | 171212s9999 xx 000 0 und d | ||
| 020 | _a9780833047342 | ||
| 100 | _aLibicki, Martin C. | ||
| 245 |
_cLibicki, Martin C. _aCyberdeterrence and Cyberwar |
||
| 260 |
_bRAND Corporation _c2009 |
||
| 650 | _aInformation warfare -- United States; Cyberterrorism -- United States -- Prevention; Cyberspace -- Security measures; Computer networks -- Security measures -- United States; Civil defense -- United States | ||
| 650 | _aPolitical Science | ||
| 856 | _uwww.jstor.org/stable/10.7249/mg877af | ||
| 999 |
_c351919 _d351919 |
||